000 00875cab a22001935a 4500
001 L145492
008 081015e20081010xxka f 000 0 eng d
035 _a(Sirsi) u145492
041 0 _aeng
100 1 _aWard, J. LeRoy
245 0 0 _aHow to become a project management professional
_ba blueprint
260 _c2008
490 0 _aProject
_v21 (1) October 2008, 29-31 (3)
520 _aExamines the complete path to become a project management professional. Provides specific counsels and tips at each stage of the process. Divides the route in four stages: the first job; task leader to senior task leader; project manager to senior project manager; programme management to the executive ranks. Describes the skills to acquire and the gives advice on certification.
590 _aKA
651 4 _aUnited Kingdom
_y
690 _aProject management
_96261
942 _n0
999 _c80836
_d80836